|
|
|
|
| LEADER |
01571nam a22003617a 4500 |
| 001 |
mzk03001026188 |
| 003 |
CZ BrMZK |
| 005 |
20181111164411.0 |
| 007 |
ta |
| 008 |
050726s1567 sz fr|||||00| ||latod |
| 040 |
|
|
|a BOA001
|b cze
|c BOA001
|
| 072 |
|
7 |
|a 094
|x Staré tisky
|2 Konspekt
|9 12
|
| 080 |
|
|
|a (0.068)094
|2 MRF
|
| 100 |
1 |
|
|a Crusius, Martin,
|d 1526-1607
|7 jo2006330558
|4 aut
|
| 245 |
1 |
0 |
|a Grammaticae Graecae, cum Latina congruentis.
|n Pars prima
|
| 260 |
|
|
|a Basileae :
|b Iohannes Oporinus,
|c 1566-1567
|
| 300 |
|
|
|a 364, [1] s. ;
|c 8°
|
| 500 |
|
|
|a Výzdoba: Signety, iniciály
|
| 501 |
|
|
|a Obsahuje: Přívazek stejného titulu 2. díl
|
| 561 |
|
|
|a Provenience: Anno 1569. Thobias Luchtenperger me jure tenet. Comparatus Viennae Austriae 25. Die Maii
|
| 561 |
|
|
|a Provenience: Domus Probat, Societatis Jesu Brunae Catalogo inscriptus 1606 18. Aug.
|
| 563 |
|
|
|a Vazba původní kožená, lepenkové desky, světlá vepřovice se slepotiskovou výzdobou, v orámování Ecce agnus, B. ?-[Salvator]-[David]-[Petrus], 1546; symboly evangelistů. Na přední desce letopočet 1569
|
| 655 |
|
7 |
|a staré tisky
|7 fd422076
|2 czenas
|
| 903 |
|
|
|a RP
|
| 910 |
|
|
|a BOA001
|b G-0000.118,1
|
| 978 |
|
|
|b Oporinus, Johann
|a Basel
|c 1567
|
| 984 |
|
|
|a Basilej
|b Švýcarsko
|
| 985 |
|
|
|a 1551-1600
|
| 990 |
|
|
|a BK
|
| 993 |
|
|
|a Y
|
| 991 |
|
|
|k mzk
|
| 996 |
6 |
|
|b 2610420505
|c G-0000.118
|l stud. ST
|r Sklad / do násl. otevíracího dne
|n 0
|w 001074238
|u 000010
|a 1
|e BOA001
|s P
|
| 994 |
|
|
|a DN
|l MZK03
|b 001026189
|m záznam 1. díla (pro objednání pokračujte kliknutím)
|n přívazek
|